Religion Quiz

Random Religion or Verse Quiz

Bible Books by Quote Quiz Stats

 Plays Quiz not verified by Sporcle

Score 0/15 Timer 09:00
0 Plays Today
Quote Book % Correct
In the beginning God created the heavens and the earth.Genesis
92.5%
Thou shalt not steal.Exodus
92.2%
For God so loved the world that he gave his one and only Son, that whoever believes in him shall not perish but have eternal life.John
89%
And that no man might buy or sell, save he that had the mark, or the name of the beast, or the number of his name. Here is wisdom. Let him that hath understanding count the number Revelation
74.9%
But seek first his kingdom and his righteousness, and all these things will be given to you as well.Matthew
72.9%
But those who hope in the LORD will renew their strength. They will soar on wings like eagles; they will run and not grow weary, they will walk and not be faint.Isaiah
72.2%
But the fruit of the Spirit is love, joy, peace, patience, kindness, goodness, faithfulness, gentleness and self-control. Against such things there is no law.Galatians
71%
Trust in the LORD with all your heart and lean not on your own understanding; in all your ways acknowledge him, and he will make your paths straight.Proverbs
68.2%
Quote Book % Correct
I can do all things through Christ who strengthens me.Philippians
66.3%
Delight yourself in the LORD and he will give you the desires of your heart.Psalms
65.1%
And without faith it is impossible to please God, because anyone who comes to him must believe that he exists and that he rewards those who earnestly seek him.Hebrews
53.7%
Be strong and courageous. Do not be afraid or terrified because of them, for the LORD your God goes with you; he will never leave you nor forsake you.Deuteronomy
45.1%
Do not let this Book of the Law depart from your mouth; meditate on it day and night, so that you may be careful to do everything written in it. Then you will be prosperous and...Joshua
43.5%
Jabez was more honorable than his brothers. His mother had named him Jabez, saying, “I gave birth to him in pain.” Jabez cried out to the God of Israel, 'Oh...1 Chronicles
39.6%
On that day every prophet will be ashamed of his prophetic vision. He will not put on a prophet's garment of hair in order to deceiveZechariah
25.1%

You're not logged in!

Compare scores with friends on all Sporcle quizzes.
OR
Log In

Show Comments

Extras

Top Quizzes Today


Score Distribution

Your Account Isn't Verified!

In order to create a playlist on Sporcle, you need to verify the email address you used during registration. Go to your Sporcle Settings to finish the process.

Report this User

Report this user for behavior that violates our Community Guidelines.

Details: